00991cam a2200277 a 450000100090000000300040000900500170001300800410003001000170007102000290008804000130011704200080013005000250013808200170016310000300018024501840021026000630039430000340045749000380049150400640052965000190059365000310061270000280064370000190067170000230069016317904OSt20180116183016.0100707s2011 enka b 001 0 eng  a 2010932045 a9781845429713 (hardback) aDLCcDLC apcc00aJZ1318b.G67958 2011 a337 GOO 2011 aedited by Joachim Ahrens,00aGood governance in the 21st century :bconflict, institutional change, and development in the era of globalization /cedited by Joachim Ahrens, Rolf Caspers, and Janina Weingarth. aCheltenham, UK ;aNorthampton, MA :bEdward Elgar,cc2011. axii, 374 p. :bill. ;c25 cm.0 aNew thinking in political economy aIncludes bibliographical references (p. 303-355) and index. 0aGlobalization. 0aInternational cooperation.1 aAhrens, Joachim,d1963-1 aCaspers, Rolf.1 aWeingarth, Janina.